Políticas y mercados de pensiones. Un texto universitario para América Latina

Saved in:
Bibliografiske detaljer
Hovedforfatter: Valdés Prieto, Salvador (Author)
Format: Bog
Sprog:spansk
Udgivet: Santiago Ediciones Universidad Catolica de cHILE 2002
Udgivelse:1a. ed
Fag:
Tags: Tilføj Tag
Ingen Tags, Vær først til at tagge denne postø!

MARC

LEADER 00000cam a2200000 a 4500
001 UCE7233
003 CL-VaPUC
008 150529e20020000cl |||||||||||||||||spa|d
020 |a 9561406632 
082 0 4 |a 331.25  |b VAL  |2 21 
100 0 |a Valdés Prieto, Salvador  |e author  |9 579919 
245 1 0 |a Políticas y mercados de pensiones. Un texto universitario para América Latina 
250 |a 1a. ed 
300 |a 936 P 
942 |c BK 
945 |d 20150529 15:00:00  |a gsalatino 
260 |a Santiago  |b Ediciones Universidad Catolica de cHILE  |c 2002 
650 0 |a Pensiones a la vejez  |9 307301 
650 0 |a Administradoras de Fondos de Pensiones (AFP)  |9 255319 
650 0 |a Finanzas  |9 260832 
583 |a last modification  |c 20150602 11:33:53  |k Rodrigo Vera 
999 |c 359334  |d 359332 
952 |0 0  |1 0  |3 erb  |4 0  |6 331_250000000000000_VAL_2002  |7 0  |8 A  |9 468493  |a BIBGIM  |b BIBGIM  |i 5161517  |o 331.25 VAL 2002  |p 5161517  |r 2025-01-15  |w 2019-11-23  |y BK  |z Catalogado en:20150529  |k GIM